000 00906nam a2200217Ia 4500
003 GCL
008 140319s9999 xx 000 0 ara d
040 _aGCL /
_cGCL
082 0 4 _a025
_bم م
100 1 _aمحمد فتحى عبدالهادى
245 1 0 _aالمكتبات والمعلومات : دراسات فى الاعداد المهنى والببليوجرافيا والمعلومات /
_cمحمد فتحى عبدالهادى
260 _a[S.N] :
_bمكتبة الدار العربية للكتاب ،
_c1997
300 _a265 ص
490 _aدراسات فى علم المكتبات والمعلومات
_v0
650 0 4 _aالببليوجرافيات
650 0 4 _aالببليوجرافيا
650 0 4 _aالمكتبات، علم
650 0 4 _aالمكتبات، الاعداد المهنى
650 0 4 _aالانتاج الفكرى - ببليوجرافيات
942 _2ddc
_cBK
999 _c31241
_d31241